<?xml version="1.0" encoding="UTF-8"?>
<record
    xmlns:xsi="http://www.w3.org/2001/XMLSchema-instance"
    xsi:schemaLocation="http://www.loc.gov/MARC21/slim http://www.loc.gov/standards/marcxml/schema/MARC21slim.xsd"
    xmlns="http://www.loc.gov/MARC21/slim">

  <leader>00759nam a22001937a 4500</leader>
  <datafield tag="999" ind1=" " ind2=" ">
    <subfield code="c">177855</subfield>
    <subfield code="d">177855</subfield>
  </datafield>
  <controlfield tag="005">20210308155234.0</controlfield>
  <datafield tag="010" ind1=" " ind2=" ">
    <subfield code="a">UR-11052</subfield>
  </datafield>
  <datafield tag="020" ind1=" " ind2=" ">
    <subfield code="c">151.00</subfield>
    <subfield code="a">9789388736909</subfield>
  </datafield>
  <datafield tag="035" ind1=" " ind2=" ">
    <subfield code="a">U-9607</subfield>
  </datafield>
  <datafield tag="037" ind1=" " ind2=" ">
    <subfield code="b">DBAD/PUB</subfield>
  </datafield>
  <datafield tag="082" ind1=" " ind2=" ">
    <subfield code="a">841.8</subfield>
  </datafield>
  <datafield tag="100" ind1=" " ind2=" ">
    <subfield code="a">&#x645;&#x648; &#x644;&#x641;:&#x633;&#x64A;&#x62F; &#x639;&#x628;&#x6CC;&#x62F; &#x627;&#x644;&#x644;&#x6C1; &#x6C1;&#x627; &#x634;&#x645;&#x6CC; </subfield>
  </datafield>
  <datafield tag="245" ind1=" " ind2=" ">
    <subfield code="a">&#x641;&#x627; &#x631; &#x633;&#x6CC; &#x646;&#x627; &#x645;&#x6C1;(&#x62A;&#x632; &#x6A9;&#x631; &#x6C1; &#x645;&#x646;&#x62A;&#x62E;&#x628; &#x634;&#x639;&#x631; &#x627; &#x6D3; &#x641;&#x627; &#x631; &#x633;&#x6CC;) </subfield>
    <subfield code="c">&#x645;&#x648; &#x644;&#x641;:&#x633;&#x64A;&#x62F; &#x639;&#x628;&#x6CC;&#x62F; &#x627;&#x644;&#x644;&#x6C1; &#x6C1;&#x627; &#x634;&#x645;&#x6CC; </subfield>
  </datafield>
  <datafield tag="246" ind1=" " ind2=" ">
    <subfield code="b">Farsinama(Description of Selected Persian Poets) (Urdu)</subfield>
    <subfield code="a">by S.Obaidullah Hashmi</subfield>
  </datafield>
  <datafield tag="260" ind1=" " ind2=" ">
    <subfield code="a">Delhi</subfield>
    <subfield code="c">2019 &#x621;</subfield>
    <subfield code="b">Educational Publishing House</subfield>
  </datafield>
  <datafield tag="270" ind1=" " ind2=" ">
    <subfield code="a">B.O. 3191,Vakil Street, Kucha Pandit,Lal Kuan,</subfield>
    <subfield code="b">Delhi</subfield>
    <subfield code="e">110006</subfield>
    <subfield code="l">-</subfield>
  </datafield>
  <datafield tag="300" ind1=" " ind2=" ">
    <subfield code="a">252 &#x635; </subfield>
    <subfield code="c">22 Cm(Hb)</subfield>
  </datafield>
  <datafield tag="942" ind1=" " ind2=" ">
    <subfield code="2">ddc</subfield>
    <subfield code="c">UR</subfield>
    <subfield code="h">841.8</subfield>
    <subfield code="m">&#x6C1; &#x627; &#x634; </subfield>
  </datafield>
  <datafield tag="952" ind1=" " ind2=" ">
    <subfield code="0">0</subfield>
    <subfield code="1">0</subfield>
    <subfield code="4">0</subfield>
    <subfield code="7">0</subfield>
    <subfield code="8">NFIC</subfield>
    <subfield code="a">DBAD</subfield>
    <subfield code="b">L</subfield>
    <subfield code="d">2021-03-08</subfield>
    <subfield code="e">DBAD/PUB</subfield>
    <subfield code="g">151.00</subfield>
    <subfield code="l">0</subfield>
    <subfield code="o">841.8 &#x6C1; &#x627; &#x634;</subfield>
    <subfield code="p">U-9607</subfield>
    <subfield code="r">2021-03-08 00:00:00</subfield>
    <subfield code="t">1</subfield>
    <subfield code="v">151.00</subfield>
    <subfield code="w">2021-03-08</subfield>
    <subfield code="y">UR</subfield>
  </datafield>
</record>
